| 000 -LEADER |
| fixed length control field |
07548cas a2201357 a 4500 |
| 001 - CONTROL NUMBER |
| control field |
11259927 |
| 003 - CONTROL NUMBER IDENTIFIER |
| control field |
Nust |
| 005 - DATE AND TIME OF LATEST TRANSACTION |
| control field |
20170303144942.0 |
| 008 - FIXED-LENGTH DATA ELEMENTS--GENERAL INFORMATION |
| fixed length control field |
750505c19749999njuar cd 0 a0eng |
| 020 ## - INTERNATIONAL STANDARD BOOK NUMBER |
| International Standard Book Number |
1-56363-497-x |
| 022 0# - INTERNATIONAL STANDARD SERIAL NUMBER |
| International Standard Serial Number |
0093-4461 |
| ISSN-L |
0093-4461 |
| Source |
1 |
| 035 ## - SYSTEM CONTROL NUMBER |
| System control number |
(OCoLC)ocm01311259 |
| 040 ## - CATALOGING SOURCE |
| Original cataloging agency |
DLC |
| Language of cataloging |
eng |
| Transcribing agency |
ASAB |
| Modifying agency |
OCL |
| -- |
COO |
| -- |
NSD |
| -- |
DLC |
| -- |
OCL |
| -- |
DLC |
| -- |
NST |
| -- |
DLC |
| -- |
NST |
| -- |
OCL |
| -- |
NST |
| -- |
RCS |
| -- |
OCL |
| -- |
NST |
| -- |
IUL |
| -- |
OCL |
| -- |
HUL |
| -- |
NST |
| -- |
OCL |
| -- |
DLC |
| -- |
NST |
| -- |
NSD |
| -- |
IUL |
| -- |
NST |
| -- |
NSD |
| -- |
WAU |
| -- |
NST |
| -- |
DLC |
| -- |
NSD |
| -- |
HUL |
| -- |
NST |
| -- |
IUL |
| -- |
DLC |
| -- |
NSD |
| -- |
WAU |
| -- |
NSD |
| -- |
NLM |
| -- |
SYS |
| -- |
GUA |
| -- |
DLC |
| -- |
JVD |
| -- |
NLGGC |
| -- |
WAU |
| -- |
IUL |
| -- |
NSD |
| -- |
U3Q |
| -- |
FMO |
| -- |
ZNL |
| -- |
ALK |
| -- |
OCLCQ |
| -- |
GBVCP |
| -- |
IUL |
| -- |
UKMGB |
| -- |
OCLCQ |
| -- |
OCLCF |
| -- |
OKD |
| -- |
CPD |
| -- |
YDXCP |
| -- |
CPD |
| -- |
YLS |
| -- |
UPM |
| -- |
OCLCA |
| -- |
OCLCQ |
| -- |
OCLCO |
| -- |
OCLCQ |
| -- |
OCLCO |
| -- |
YDX |
| 042 ## - AUTHENTICATION CODE |
| Authentication code |
nsdp |
| -- |
pcc |
| 043 ## - GEOGRAPHIC AREA CODE |
| Geographic area code |
n-us--- |
| 050 00 - LIBRARY OF CONGRESS CALL NUMBER |
| Classification number |
RS75 |
| Item number |
.P5 |
| 050 14 - LIBRARY OF CONGRESS CALL NUMBER |
| Classification number |
RM300 |
| Item number |
.P59 |
| 060 00 - NATIONAL LIBRARY OF MEDICINE CALL NUMBER |
| Classification number |
QV 772 |
| Item number |
P578 |
| 070 ## - NATIONAL AGRICULTURAL LIBRARY CALL NUMBER |
| Classification number |
RS91.P45 |
| 082 00 - DEWEY DECIMAL CLASSIFICATION NUMBER |
| Classification number |
617.7 |
| 210 0# - ABBREVIATED TITLE |
| Abbreviated title |
Physicians' desk ref. |
| Qualifying information |
(Print ed.) |
| 222 #0 - KEY TITLE |
| Key title |
Physicians' desk reference |
| Qualifying information |
(Print ed.) |
| 245 00 - TITLE STATEMENT |
| Title |
Physicians' desk reference : |
| Remainder of title |
PDR. |
| 246 30 - VARYING FORM OF TITLE |
| Title proper/short title |
PDR |
| 260 ## - PUBLICATION, DISTRIBUTION, ETC. |
| Place of publication, distribution, etc. |
Oradell, N.J. : |
| Name of publisher, distributor, etc. |
Medical Economics Co. |
| 260 2# - PUBLICATION, DISTRIBUTION, ETC. |
| Materials specified |
<2003>-2009 |
| Place of publication, distribution, etc. |
Montvale, NJ : |
| Name of publisher, distributor, etc. |
Thomson PDR |
| 260 3# - PUBLICATION, DISTRIBUTION, ETC. |
| Materials specified |
2005- |
| Place of publication, distribution, etc. |
Montvale, NJ : |
| Name of publisher, distributor, etc. |
PDR Network |
| 300 ## - PHYSICAL DESCRIPTION |
| Extent |
3440 p |
| Other physical details |
illustrations ; |
| Dimensions |
26 cm |
| 310 ## - CURRENT PUBLICATION FREQUENCY |
| Current publication frequency |
Annual |
| 336 ## - CONTENT TYPE |
| Content type term |
text |
| Content type code |
txt |
| Source |
rdacontent |
| 337 ## - MEDIA TYPE |
| Media type term |
unmediated |
| Media type code |
n |
| Source |
rdamedia |
| 338 ## - CARRIER TYPE |
| Carrier type term |
volume |
| Carrier type code |
nc |
| Source |
rdacarrier |
| 362 1# - DATES OF PUBLICATION AND/OR SEQUENTIAL DESIGNATION |
| Dates of publication and/or sequential designation |
Began with 1974 issue. |
| 525 ## - SUPPLEMENT NOTE |
| Supplement note |
Kept up-to-date with supplemental sheets. |
| 525 ## - SUPPLEMENT NOTE |
| Supplement note |
Has annual supplements: A, issued in July, and B, issued in September. |
| 530 ## - ADDITIONAL PHYSICAL FORM AVAILABLE NOTE |
| Additional physical form available note |
Issued 1988- also on CD-ROM. |
| 580 ## - LINKING ENTRY COMPLEXITY NOTE |
| Linking entry complexity note |
Vols. for 1988-1992 complemented by: Drug interactions and side effects index; 1990-1992 by: Indications index; 1993-1996 by: PDR guide to drug interactions, side effects, indications; 1997 by: PDR guide to drug interactions, side effects, indications, contraindications; 1998-2005 by: Physicians' desk reference companion guide; 2006- by: PDR guide to drug interactions, side effects, and indications. |
| 588 ## - SOURCE OF DESCRIPTION NOTE |
| Source of description note |
Description based on: 29th ed. (1975). |
| 588 ## - SOURCE OF DESCRIPTION NOTE |
| Source of description note |
Latest issue consulted: 69th ed. (2015). |
| 590 ## - LOCAL NOTE (RLIN) |
| Local note |
SERBIB/SERLOC merged record |
| 650 #0 - SUBJECT ADDED ENTRY--TOPICAL TERM |
| Topical term or geographic name entry element |
Drugs |
| Form subdivision |
Dictionaries. |
| 650 #2 - SUBJECT ADDED ENTRY--TOPICAL TERM |
| Topical term or geographic name entry element |
Biological Agents. |
| 650 #2 - SUBJECT ADDED ENTRY--TOPICAL TERM |
| Topical term or geographic name entry element |
Pharmaceutical Preparations. |
| 650 #6 - SUBJECT ADDED ENTRY--TOPICAL TERM |
| Topical term or geographic name entry element |
Matière médicale |
| Form subdivision |
Périodiques. |
| 650 #6 - SUBJECT ADDED ENTRY--TOPICAL TERM |
| Topical term or geographic name entry element |
Médicaments |
| Form subdivision |
Catalogues. |
| 650 #6 - SUBJECT ADDED ENTRY--TOPICAL TERM |
| Topical term or geographic name entry element |
Produits biologiques |
| Form subdivision |
Périodiques. |
| 650 #7 - SUBJECT ADDED ENTRY--TOPICAL TERM |
| Topical term or geographic name entry element |
Drugs. |
| Source of heading or term |
fast |
| Authority record control number or standard number |
(OCoLC)fst00898761 |
| 650 17 - SUBJECT ADDED ENTRY--TOPICAL TERM |
| Topical term or geographic name entry element |
Geneesmiddelen. |
| Source of heading or term |
gtt |
| 651 #2 - SUBJECT ADDED ENTRY--GEOGRAPHIC NAME |
| Geographic name |
United States. |
| 653 #2 - INDEX TERM--UNCONTROLLED |
| Uncontrolled term |
Drug Interactions |
| 653 #2 - INDEX TERM--UNCONTROLLED |
| Uncontrolled term |
Pharmaceutical Preparations / adverse effects / catalogs / United States |
| 655 #2 - INDEX TERM--GENRE/FORM |
| Genre/form data or focus term |
Catalogs. |
| 655 #7 - INDEX TERM--GENRE/FORM |
| Genre/form data or focus term |
Dictionaries. |
| Source of term |
fast |
| Authority record control number |
(OCoLC)fst01423826 |
| 655 #7 - INDEX TERM--GENRE/FORM |
| Genre/form data or focus term |
Dictionaries. |
| Source of term |
lcgft |
| 740 02 - ADDED ENTRY--UNCONTROLLED RELATED/ANALYTICAL TITLE |
| Uncontrolled related/analytical title |
Physicians' desk reference. |
| Name of part/section of a work |
Supplement A. |
| 775 0# - OTHER EDITION ENTRY |
| Title |
Physicians' desk reference (Compact disk ed.) |
| International Standard Serial Number |
1046-2694 |
| Record control number |
(DLC)sn 89006897 |
| -- |
(OCoLC)20371510 |
| 776 0# - ADDITIONAL PHYSICAL FORM ENTRY |
| Title |
PDR library on CD-ROM with the Merck manual |
| International Standard Serial Number |
1068-6924 |
| Record control number |
(DLC)sn 93005967 |
| -- |
(OCoLC)27774951 |
| 776 0# - ADDITIONAL PHYSICAL FORM ENTRY |
| Title |
PDR library on CD-ROM |
| International Standard Serial Number |
1068-6916 |
| Record control number |
(DLC)sn 93005966 |
| -- |
(OCoLC)27774886 |
| 776 08 - ADDITIONAL PHYSICAL FORM ENTRY |
| Relationship information |
Online version: |
| Title |
Physicians' desk reference |
| Record control number |
(OCoLC)697124631 |
| 780 00 - PRECEDING ENTRY |
| Title |
Physicians' desk reference to pharmaceutical specialties and biologicals |
| International Standard Serial Number |
0093-447X |
| Record control number |
(DLC) 60000784 |
| -- |
(OCoLC)1644681 |
| 787 0# - OTHER RELATIONSHIP ENTRY |
| Title |
Drug interactions and side effects index |
| International Standard Serial Number |
1044-7083 |
| Record control number |
(DLC) 88645872 |
| -- |
(OCoLC)17887549 |
| 787 0# - OTHER RELATIONSHIP ENTRY |
| Title |
Indications index |
| International Standard Serial Number |
1060-4057 |
| Record control number |
(DLC) 91642367 |
| -- |
(OCoLC)22636891 |
| 787 0# - OTHER RELATIONSHIP ENTRY |
| Title |
PDR guide to drug interactions, side effects, indications |
| International Standard Serial Number |
1072-1126 |
| Record control number |
(DLC) 93657497 |
| -- |
(OCoLC)27345788 |
| 787 0# - OTHER RELATIONSHIP ENTRY |
| Title |
PDR guide to drug interactions, side effects, indications, contraindications |
| International Standard Serial Number |
1094-5199 |
| Record control number |
(DLC) 98660724 |
| -- |
(OCoLC)36634651 |
| 787 0# - OTHER RELATIONSHIP ENTRY |
| Title |
Physicians' desk reference companion guide |
| International Standard Serial Number |
1099-5285 |
| Record control number |
(DLC) 98660725 |
| -- |
(OCoLC)38906589 |
| 787 0# - OTHER RELATIONSHIP ENTRY |
| Title |
PDR guide to drug interactions, side effects, and indications |
| International Standard Serial Number |
1933-706X |
| Record control number |
(DLC) 2006233156 |
| -- |
(OCoLC)62861895 |
| 906 ## - LOCAL DATA ELEMENT F, LDF (RLIN) |
| a |
7 |
| b |
cbc |
| c |
serials |
| d |
2 |
| e |
ncip |
| f |
19 |
| g |
n-oclcserc |
| 942 ## - ADDED ENTRY ELEMENTS (KOHA) |
| Source of classification or shelving scheme |
|
| Koha item type |
Book |